000 01102cam a2200313 i 4500
001 15166550
003 EG-ScBUE
005 20250804092510.0
008 080204t2009 njua f bp 000 0 eng d
020 _a9780130178688 (alk. paper)
020 _a0130178683 (alk. paper)
040 _aDLC
_beng
_erda
_cDLC
_dDLC
_dEG-ScBUE
082 0 4 _a547.0014
_222
_bTRA
100 1 _aTraynham, James G.,
_eauthor.
_939646
245 1 0 _aOrganic nomenclature a programmed introduction /
_cJames G. Traynham, professor of chemistry, emeritus, Louisiana State University.
250 _aSixth edition.
264 1 _aUpper Saddle River, New Jersey :
_bPearson / Prentice Hall,
_c[2009]
264 4 _cc2009
300 _ax, 140 pages :
_billustrations ;
_c24 cm
336 _2rdacontent
_atext
_btxt
337 _aunmediated
_2rdamedia
_bn
338 _avolume
_bnc
_2rdacarrier
504 _aIncludes bibliographical references.
650 7 _aChemistry, Organic
_xNomenclature
_xProgrammed instruction.
_2BUEsh
_939647
651 _2BUEsh
653 _bPPhrm
_cMarch2016
655 _vReading book
942 _2ddc
_cBB
999 _c21486
_d21458